Normal view
MARC view
Entry Nombre corporativo
001 - NÚMERO DE CONTROL
- campo de control: 13466
003 - IDENTIFICADOR DE NÚMERO DE CONTROL
- campo de control: OSt
005 - FECHA Y HORA DE LA ÚLTIMA TRANSACCIÓN
- campo de control: 20250521151948.0
008 - ELEMENTOS DE DATO DE LONGITUD-FIJA
- campo de control de longitud fija: 221005|| aca||aabn | a|a d
040 ## - FUENTE DE CATALOGACIÓN
- Centro catalogador/agencia de origen: OSt
- Centro/agencia transcriptor: OSt
110 ## - ENCABEZAMIENTO-NOMBRE DE ENTIDAD CORPORATIVA
- Nombre de entidad corporativa o nombre de jurisdicción como elemento de entrada: ESPAÑA.
- Unidad subordinada: Acuerdo sobre Solución Extrajudicial de Conflictos Laborales
- Número del congreso/reunión o número de parte o sección: 3º
- Fecha del congreso o de la firma del tratado: 2004
410 ## - TRAZADO DE VÉASE--NOMBRE DE ENTIDAD CORPORATIVA
- Nombre de entidad corporativa o nombre de jurisdicción como elemento de entrada: ESPAÑA
- Unidad subordinada: ASEC
- Número del congreso/reunión o número de parte o sección: 3º
- Fecha del congreso o de la firma del tratado: 2004
670 ## - FUENTE DE DATOS ENCONTRADOS
- Cita de la fuente: Work cat.: (OSt)13547: ESPAÑA. Acuerdo sobre Solución Extrajudicial de Conflictos Laborales 3º 2004, Tercer Acuerdo sobre Solución Extrajudicial de Conflictos Laborales [ASEC-III], 2005